<?xml version="1.0" encoding="UTF-8"?>
<record
    xmlns:xsi="http://www.w3.org/2001/XMLSchema-instance"
    xsi:schemaLocation="http://www.loc.gov/MARC21/slim http://www.loc.gov/standards/marcxml/schema/MARC21slim.xsd"
    xmlns="http://www.loc.gov/MARC21/slim">

  <leader>01623nam a22001577a 4500</leader>
  <datafield tag="999" ind1=" " ind2=" ">
    <subfield code="c">528052</subfield>
    <subfield code="d">528052</subfield>
  </datafield>
  <controlfield tag="008">241105b           ||||| |||| 00| 0 eng d</controlfield>
  <datafield tag="100" ind1=" " ind2=" ">
    <subfield code="a">Wilson, N.E., Hankinson, M. Magazinnik, A. and Sands, M. </subfield>
    <subfield code="9">59424</subfield>
  </datafield>
  <datafield tag="245" ind1=" " ind2=" ">
    <subfield code="a">Inaccuracies in low income housing geocodes: When and why they matter</subfield>
  </datafield>
  <datafield tag="260" ind1=" " ind2=" ">
    <subfield code="a">Urban Affairs Review  </subfield>
  </datafield>
  <datafield tag="300" ind1=" " ind2=" ">
    <subfield code="a">60(1), Jan, 2024: p.217-231</subfield>
  </datafield>
  <datafield tag="520" ind1=" " ind2=" ">
    <subfield code="a">Scholars across disciplines frequently employ data on housing developments subsidized by the National Low Income Housing Tax Credit (LIHTC). We find that the geographic coordinates for these developments, generated by the U.S. Department of Housing and Urban Development (HUD), are frequently inaccurate. Using both the population of data from California and a national sample, we find that HUD-provided geocodes are inaccurate nearly half the time while Google-generated geocodes are almost always more accurate. However, while Google&#x2019;s geolocation is more likely to be accurate, when it is inaccurate, it deviates from the true location by a much greater distance than HUD. We therefore recommend that scholars use Google-generated geocodes for most research applications where the localized environment matters; however, in studies where observations are aggregated to a larger area, researchers may prefer to use HUD geocodes, which are more frequently inaccurate but typically by smaller distances.- Reproduced 

https://journals.sagepub.com/doi/full/10.1177/10780874231165767
</subfield>
  </datafield>
  <datafield tag="650" ind1=" " ind2=" ">
    <subfield code="a">Housing, Administrative data, Geocoding, Data audit. </subfield>
    <subfield code="9">48584</subfield>
  </datafield>
  <datafield tag="773" ind1=" " ind2=" ">
    <subfield code="a">Urban Affairs Review  </subfield>
  </datafield>
  <datafield tag="906" ind1=" " ind2=" ">
    <subfield code="a">HOUSING</subfield>
  </datafield>
  <datafield tag="942" ind1=" " ind2=" ">
    <subfield code="c">AR</subfield>
  </datafield>
  <datafield tag="952" ind1=" " ind2=" ">
    <subfield code="0">0</subfield>
    <subfield code="1">0</subfield>
    <subfield code="2">ddc</subfield>
    <subfield code="4">0</subfield>
    <subfield code="7">0</subfield>
    <subfield code="9">403131</subfield>
    <subfield code="a">IIPA</subfield>
    <subfield code="b">IIPA</subfield>
    <subfield code="d">2024-11-05</subfield>
    <subfield code="h">60(1), Jan, 2024: p.217-231</subfield>
    <subfield code="p">AR133480</subfield>
    <subfield code="r">2024-11-05</subfield>
    <subfield code="y">AR</subfield>
  </datafield>
</record>
